Alemania / (Record no. 110665)

MARC details
000 -LEADER
campo de control de longitud fija 00938nam a2200277 i 4500
001 - NÚMERO DE CONTROL
campo de control 110665
003 - IDENTIFICADOR DE NÚMERO DE CONTROL
campo de control ES-MaACL
005 - FECHA Y HORA DE LA ÚLTIMA TRANSACCIÓN
campo de control 20240503104452.0
007 - CAMPO FIJO DE DESCRIPCIÓN FÍSICA--INFORMACIÓN GENERAL
campo de control de longitud fija t|
008 - DATOS DE LONGITUD FIJA--INFORMACIÓN GENERAL
campo de control de longitud fija 070116s1958 sp ||||1| spa d
245 00 - MENCIÓN DEL TÍTULO
Título Alemania /
Mención de responsabilidad, etc. Doré Ogrizek; prólogo de Jean Cocteau; textos de Ludwig Benninghoff...[et al.]; coordinado por Brigitte Lohmeyer; ilustraciones de Beuville...[et al.].
250 ## - MENCION DE EDICION
Mención de edición 1ª ed.
260 ## - PUBLICACIÓN, DISTRIBUCIÓN, ETC.
Lugar de publicación, distribución, etc. Madrid :
Nombre del editor, distribuidor, etc. Castilla,
Fecha de publicación, distribución, etc. 1958.
300 ## - DESCRIPCIÓN FÍSICA
Extensión 463 p. :
Otras características físicas il. col. y n., map. ;
Dimensiones 18 cm.
490 1# - MENCIÓN DE SERIE
Mención de serie El mundo en color ;
Designación de volumen o secuencia 15
504 ## - NOTA DE BIBLIOGRAFÍA, ETC.
Nota de bibliografía, etc. Indice.
651 #4 - PUNTO DE ACCESO ADICIONAL DE MATERIA--NOMBRE GEOGRÁFICO
Nombre geográfico Alemania-
Subdivisión general Descripción.
9 (RLIN) 7657
700 1# - ENTRADA AGREGADA--NOMBRE PERSONAL
Nombre de persona Ogrizek, Doré.
9 (RLIN) 86581
700 1# - ENTRADA AGREGADA--NOMBRE PERSONAL
Nombre de persona Cocteau, Jean,
Fechas asociadas al nombre 1889-1963
9 (RLIN) 39410
700 1# - ENTRADA AGREGADA--NOMBRE PERSONAL
Nombre de persona Benninghoff, Ludwig.
9 (RLIN) 27742
700 1# - ENTRADA AGREGADA--NOMBRE PERSONAL
Nombre de persona Lohmeyer, Brigitte.
9 (RLIN) 73135
700 1# - ENTRADA AGREGADA--NOMBRE PERSONAL
Nombre de persona Beuville.
9 (RLIN) 185630
830 0# - PUNTO DE ACCESO ADICIONAL DE SERIE-TÍTULO UNIFORME
Título uniforme El mundo en color ;
Designación de volumen o secuencia 15
9 (RLIN) 185631
852 ## - LOCALIZACIÓN
Ubicación ES-MaACL
Número de control de estantería E-3766
Holdings
Estatus retirado Estado de pérdida Estado de daño No para préstamo Biblioteca de origen Biblioteca actual Ubicación en estantería Fecha de adquisición Fuente de adquisición Total de préstamos Signatura topográfica completa Código de barras Visto por última vez Precio de reemplazo Tipo de ítem Koha
        Biblioteca del Ateneo de Madrid Biblioteca del Ateneo de Madrid Depósito 2 17/01/2008     E-3766 1115459 23/02/2023 23/02/2023 Libro impreso